000 00458nam a2200145Ia 4500
008 090124s9999 xx 000 0 und d
082 _b401587
245 _a जम्मत टंपू- टिल्लूची
250 _a1
260 _bपदकी सरिता
_c1979
300 _a73
630 _a जम्मत टंपू- टिल्लूची
730 _a जम्मत टंपू- टिल्लूची
942 _cBOOK
999 _c197971
_d197971